000 01859nam1a2200325 4500
001 rc\469757
005 20260407072003.0
035 _a(NLR Aleph) 005816731
090 _a5438156
_c5438156
100 _a20260119 rusy50
101 0 _arus
102 _aRU
105 _ay |||||||||
200 1 _aˆ[‰Указатель иностранных периодических изданий, выписанных ИНИОН АН СССР и его отделениями...
_fОтд. комплектования науч. фондов, Сектор комплектования иностр. лит.]
210 _aМ.
_cИНИОН
_d1980-
215 _d27
300 _aОбщ. загл. вып. за 1985, 1987 гг.: Указатель иностранных периодических изданий, выписанных ИНИОН АН СССР и его отделами в институтах Секции общественных наук АН СССР...
309 _aНапеч. на пиш. маш. Литогр.
601 0 2 _a"Международная книга", всесоюзное объединение
_jИздательские и книготорговые каталоги
_92365011
_3RU\NLR\AUTH\6601634141
606 1 _aИностранные периодические издания
_xИздательские и книготорговые каталоги
_yСССР
_91733145
_3RU\NLR\AUTH\66774830
686 1 _aЯ171(0)
686 1 _aЧ618.14(2)211я182
710 0 2 _aИнститут научной информации по общественным наукам
_cМосква
_9272425
_3RU\NLR\AUTH\88992
801 0 _aRU
_bNLR
_gpsbo
801 1 _aRU
_bELAR
_2rusmarc
852 _aNLR
_bС
_jК-4/31
942 _cBOOK
980 _aNB